Csoóri Sándor A látogató emlékei /

Elmentve itt :
Bibliográfiai részletek
Szerző: Fülöp László
További közreműködők: Csoóri Sándor
Dokumentumtípus: Cikk
Megjelent: 1977
Sorozat:Tiszatáj 31 No. 8
Kulcsszavak:Magyar irodalom - költészet - könyvismertetés
Online Access:http://tiszataj.bibl.u-szeged.hu/9651
LEADER 00646nab a2200193 i 4500
001 tisza9651
005 20200330134412.0
008 170609s1977 hu o 0|| hun d
022 |a 0133-1167 
040 |a SZTE Tiszatáj Archívum  |b hun 
041 |a hun 
100 1 |a Fülöp László 
245 1 0 |a Csoóri Sándor   |h [elektronikus dokumentum] :  |b A látogató emlékei /  |c  Fülöp László 
260 |c 1977 
300 |a 69-72 
490 0 |a Tiszatáj  |v 31 No. 8 
695 |a Magyar irodalom - költészet - könyvismertetés 
700 0 1 |a Csoóri Sándor 
856 4 0 |u http://tiszataj.bibl.u-szeged.hu/9651/1/tiszataj_1977_008_069-072.pdf  |z Dokumentum-elérés